Eintracht Frankfurt Squad 2022-2023 - Statistics

General Stats
  • This quiz has been taken 87 times
  • The average score is 18 of 33
Answer Stats
# Position Nation Player % Correct
15 MF Japan Daichi Kamada
98%
9 FW France Randal Kolo Muani
95%
1 GK Germany Kevin Trapp
93%
2 DF France Evan N'Dicka
91%
27 MF Germany Mario Götze
85%
8 MF Switzerland Djibril Sow
78%
19 FW Colombia Rafael Santos Borré
76%
29 MF Denmark Jesper Lindstrøm
73%
20 DF Japan Makoto Hasebe
71%
17 MF Germany Sebastian Rode
69%
6 MF Croatia Kristijan Jakić
67%
22 DF United States Timothy Chandler
65%
35 DF Brazil Tuta
62%
18 DF Mali Almamy Touré
60%
36 FW Germany Ansgar Knauff
58%
24 DF Portugal Aurélio Buta
58%
21 FW Argentina Lucas Alario
58%
5 DF Croatia Hrvoje Smolčić
49%
- Coach Austria Oliver Glasner
49%
26 MF France Éric Junior Dina-Ebimbe
47%
40 GK Germany Diant Ramaj
44%
33 DF Italy Luca Pellegrini
44%
30 MF United States Paxten Aaronson
44%
32 DF Germany Philipp Max
42%
31 GK Germany Jens Grahl
40%
25 DF Germany Christopher Lenz
38%
4 DF Cameroon Jérôme Onguéné
33%
11 FW Germany Faride Alidou
31%
28 MF Germany Marcel Wenig
27%
41 GK Albania Simon Simoni
24%
48 FW Spain Nacho Ferri
22%
45 MF Germany Mehdi Loune
15%
49 DF Germany Jan Schroeder
4%
No matching quizzes found
Score Distribution
Percent of People with Each Score
Percentile by Number Answered
Your Score History
You have not taken this quiz